An educational institutional culture manual / (Record no. 12790)
[ view plain ]
| 000 -LEADER | |
|---|---|
| fixed length control field | 00822nam a2200289 a 4500 |
| 005 - DATE AND TIME OF LATEST TRANSACTION | |
| control field | 20140310182409.0 |
| 008 - FIXED-LENGTH DATA ELEMENTS--GENERAL INFORMATION | |
| fixed length control field | 081022s19uu xx 00 eng d |
| 020 ## - INTERNATIONAL STANDARD BOOK NUMBER | |
| International Standard Book Number | 9719222158 |
| 050 ## - LIBRARY OF CONGRESS CALL NUMBER | |
| Classification number | LB 2326 |
| Item number | .T161 2004 |
| 100 ## - MAIN ENTRY--PERSONAL NAME | |
| Personal name | Tan, Genevieve Ledesma |
| 245 ## - TITLE STATEMENT | |
| Title | An educational institutional culture manual / |
| Statement of responsibility, etc | Genevieve Ledesma-Tan, Benito L. Teehankee. |
| 260 ## - PUBLICATION, DISTRIBUTION, ETC. (IMPRINT) | |
| Place of publication, distribution, etc | Las Pinas City : |
| Name of publisher, distributor, etc | SISC, |
| Date of publication, distribution, etc | c2004. |
| 300 ## - PHYSICAL DESCRIPTION | |
| Extent | vii, 137 p. ; |
| Other physical details | ill. col. ; |
| Dimensions | 22 cm. |
| 650 ## - SUBJECT ADDED ENTRY--TOPICAL TERM | |
| Topical term or geographic name as entry element | Educational institutions |
| General subdivision | Culture manual. |
| 650 ## - SUBJECT ADDED ENTRY--TOPICAL TERM | |
| Topical term or geographic name as entry element | Educational institutions |
| General subdivision | Reference Manual. |
| 700 ## - ADDED ENTRY--PERSONAL NAME | |
| Personal name | Teehankee, Benito L. |
| 942 ## - ADDED ENTRY ELEMENTS (KOHA) | |
| Koha item type | Books |
| Source of classification or shelving scheme | Library of Congress Classification |
| Withdrawn status | Lost status | Source of classification or shelving scheme | Damaged status | Home library | Current library | Shelving location | Date acquired | Total Checkouts | Full call number | Barcode | Date last seen | Copy number | Price effective from | Koha item type |
|---|---|---|---|---|---|---|---|---|---|---|---|---|---|---|
| Library of Congress Classification | Luxembourg Library | Luxembourg Library | Teachers Reference Section | 10/22/2008 | LB 2326 .T161 2004 | 16818 | 10/10/2013 | 1 | 03/10/2014 | Books | ||||
| Library of Congress Classification | Luxembourg Library | Luxembourg Library | Teachers Reference Section | 11/06/2013 | LB 2326 .T161 2004 | 16819 | 11/06/2013 | 2 | 11/06/2013 | Books | ||||
| Library of Congress Classification | Luxembourg Library | Luxembourg Library | Teachers Reference Section | 11/06/2013 | LB 2326 .T161 2004 | 16820 | 11/06/2013 | 3 | 11/06/2013 | Books | ||||
| Library of Congress Classification | Luxembourg Library | Luxembourg Library | Teachers Reference Section | 11/06/2013 | LB 2326 .T161 2004 | 16821 | 11/06/2013 | 4 | 11/06/2013 | Books | ||||
| Library of Congress Classification | Luxembourg Library | Luxembourg Library | Teachers Reference Section | 11/06/2013 | LB 2326 .T161 2004 | 16822 | 11/06/2013 | 5 | 11/06/2013 | Books | ||||
| Library of Congress Classification | Luxembourg Library | Luxembourg Library | Teachers Reference Section | 11/06/2013 | LB 2326 .T161 2004 | 16823 | 11/06/2013 | 6 | 11/06/2013 | Books | ||||
| Library of Congress Classification | Luxembourg Library | Luxembourg Library | Teachers Reference Section | 11/06/2013 | LB 2326 .T161 2004 | 16824 | 11/06/2013 | 7 | 11/06/2013 | Books | ||||
| Library of Congress Classification | Luxembourg Library | Luxembourg Library | Teachers Reference Section | 11/06/2013 | LB 2326 .T161 2004 | 16825 | 11/06/2013 | 8 | 11/06/2013 | Books | ||||
| Library of Congress Classification | Luxembourg Library | Luxembourg Library | Teachers Reference Section | 11/06/2013 | LB 2326 .T161 2004 | 16826 | 11/06/2013 | 9 | 11/06/2013 | Books |